| 000 | 00762cam a22002051 4500 | ||
|---|---|---|---|
| 001 | 000002387 | ||
| 005 | 20200929150206.0 | ||
| 008 | 770426s1965 it a bc 000 0 ita | ||
| 040 |
_aDO-SdBNP _bspa _cBNPHU |
||
| 100 | 1 |
_aScuderi, Vincenzo, _d1923- _97582 |
|
| 245 | 1 | 3 | _aIl Museo nazionale Pepoli in Trapani. |
| 250 | _a2a ed. | ||
| 260 |
_a[Roma] : _bIstituto poligrafico dello Stato, Liberia dello Stato, _c[1965]. |
||
| 300 |
_a104 p. : _bil. ; _c19 cm. |
||
| 490 | 1 |
_aItinerari dei musei, gallerie e monumenti d'Italia _v46 |
|
| 504 | _a"Bibliografía essenziale inerente alle opere": p. 27-28. | ||
| 610 | 2 | 4 |
_aMuseo nazionale Pepoli. _97583 |
| 830 | 0 |
_aItinerari dei musei, gallerie e monumenti d'Italia _v46 _97584 |
|
| 910 | _aCatalogación por copia / LC | ||
| 999 |
_c2227 _d2227 |
||